00929nam a2200229Ia 4500003000900000008004100009040001300050040001300063041000900076100002300085100000900108245008700117250001100204260001400215260000900229300001200238490000600250600021800256942000700474999001700481952020100498IT-RoPAU120407s9999 xx 000 0 und d aIT-RoPAU cIT-RoPAU alat  aFranciscus Diekamp ccan. aTheologie Dogmaticae manuale, quod secundum principia S. Thomae Aquinatis. 4 voll. aParis  aDesclée c1944 c21,5 cm v1 a 1. Introductio in theologiam dogmaticam. De Deo Uno. De Deo Trino. 2. De Deo Creatore. De Redemptione per Jesus Christum. 3. De gratia Christi 4. De sacramentis , tum in communi tum im specie et de novissimis cBK c14127d14127 00102ddc406230_200000000000000_1171aPAULUSbPAULUSd2012-04-11l0o230.2.11r2012-04-11 00:00:00w2012-04-11yBKzInserito da: Mario In data: 06 agosto 2011 fondo: Via A.Severo 56 Progr:35277